China Städte Karten Quiz - Statistiken

Allgemein
  • Dieses Quiz wurde 243 mal gespielt
  • Das Durchschnittsergebnis liegt bei 8 aus 13
Antworten auf der Karte
Die Antworten werden auf der Karte rot bzw. grün angezeigt, abhängig davon wie oft sie richtig erraten wurden.
 
Antwortstatistiken
Antwort % Korrekt
Peking
90%
Shanghai
89%
Guangzhou
71%
Hong Kong
71%
Ürümqi
70%
Lhasa
62%
Wuhan
57%
Chengdu
52%
Chongqing
52%
Harbin
47%
Nanjing
45%
Xi'an
44%
Shenyang
43%
Keine übereinstimmenden Quizze gefunden
Verteilung der Resultate
Anzahl Personen mit jedem Resultat
Perzentil nach korrekt beantworteten Fragen
Ihre Resultats-Entwicklung
Sie haben dieses Quiz noch nicht gespielt